00177nam a2200073Ia 4500008004100000050002000041100002000061245002200081230915s9999 xx 000 0 und d aQK495 .A53 2001 aLYMAN D. BENSON 4aTHE CACTUS FAMILY